| 000 | 00000nam##2200000za#4500 |
| 001 | 9.529078 |
| 003 | CaOODSP |
| 005 | 20200401034849 |
| 007 | ta |
| 008 | 150406|1998||||xxc||||| f|0| 0 eng|d |
| 020 | |a0-662-62990-6 |
| 040 | |aCaOODSP|beng |
| 041 | |aeng |
| 041 | |afre |
| 043 | |an-cn--- |
| 086 | 1 |aSC94-61/21-1998 |
| 110 | 1 |aCanada.|bCanadian Centre for Management Development. |
| 245 | 10|aManaging horizontal government : |bthe politics of coordination / |cby B. Guy Peters. |
| 260 | |aOttawa - Ontario : |bCanadian Centre for Management Development |c1998. |
| 300 | |aEnglish text, ii, 69p. : |btables ; |c23 cm. |
| 490 | 1 |aResearch paper|vNo. 21 |
| 500 | |a"This report is based on personal interviews with a number of public servants in Canada, the United Kingdom and Australia. The public servants contacted were not a representative sample but rather occupied positions that had clearly defined coordination responsibilities, or were individuals identified by other respondents as particularly concerned with policy coordination."--Page 1. |
| 504 | |aBibliography. |
| 520 | 3 |aThis report is based on personal interviews with a number of public servants in Canada, the United Kingdom and Australia. The public servants contacted were not a representative sample but rather occupied positions that had clearly defined coordination responsibilities, or were individuals identified by other respondents as particularly concerned with policy coordination.--Page 1 |
| 546 | |aBilingual |
| 563 | |aSoftcover |
| 590 | |a98-14|b1998-04-03 |
| 690 | 07|aPublic service|2gcpds |
| 690 | 07|aManagement|2gcpds |
| 720 | 1 |aPeters, B. Guy |
| 776 | 0#|tManaging horizontal government |w(CaOODSP)9.572883 |
| 776 | 0#|tLa gestion d'un gouvernement horizontal : |w(CaOODSP)9.603130 |
| 792 | |tLa gestion d'un gouvernement horizontal : |efre|w(CaOODSP)9.529079 |
| 830 | #0|aResearch paper ;|vNo. 21|w(CaOODSP)9.509634 |
| 986 | |aP39E |